000 00781nam a2200241Ia 4500
003 IN-BaIIA
008 211028s9999 xx 000 0 eng d
020 _a0-88318-155-X
040 _cIIA Library
080 _a524
_bARO
111 _aAIP Conference
_n56th
_911812
245 0 _apticle acceleration mechanisms in Astrophysics
_cedited by Jon Arons and Christopher McKee, Claire Max.
260 _aNew York,
_bAmerican Institute of Physics
_c1979
300 _aviii,433p.
650 _aAstronomy and Astrophysics Thesaurus
650 _aAstrophysics
_9794
650 _aElementary pticles
_93037
650 _apticle acceleration
_911813
700 _aArons, Jon., ed.
_911814
700 _aMax, Claire, ed.
_911815
700 _aMcKee, Christopher., ed.
_911816
942 _cBK
999 _c6894
_d6894